| 000 | 00589nam a2200193 a 4500 | ||
|---|---|---|---|
| 001 | 000002530 | ||
| 005 | 20250129121827.0 | ||
| 008 | 090702s1982 dr r 000 p spa d | ||
| 040 |
_aDO-SdBNP _bspa _cBNPHU |
||
| 082 |
_aRD861.44 _bG261el |
||
| 100 | 1 |
_aGatón Arce, Freddy, _d1920-1994 _97946 |
|
| 245 | 1 | 0 |
_aEl poniente : _bpoemas 1982 / _cFreddy Gatón Arce. |
| 260 |
_aSanto Domingo : _bTaller, _c1982. |
||
| 300 |
_a111 p. ; _c20 cm. |
||
| 590 | _aInventariado, 2018/BT | ||
| 650 | 0 |
_aPoesía dominicana _966 |
|
| 650 | 0 |
_aLiteratura dominicana. _967 |
|
| 910 | _aJornada de catalogación | ||
| 999 |
_c2366 _d2366 |
||